| 000 | 01658nam0a2200373 4500 | ||
|---|---|---|---|
| 001 | RU\NLR\BIBL_A\012476013 | ||
| 005 | 20260405065709.0 | ||
| 010 | _a978-5-00165-246-5 | ||
| 035 | _a(NLR Aleph) 012476013 | ||
| 090 |
_a12104500 _c12104500 |
||
| 100 | _a20210316d2021 |||y0rusy50 ca | ||
| 101 | 0 | _arus | |
| 102 | _aRU | ||
| 105 | _aac||z|||000zy | ||
| 181 | 0 |
_ai _baxxe |
|
| 182 | 0 | _an | |
| 200 | 1 |
_aБелая гвардия Фридриха Эберта _fВольфганг Акунов |
|
| 203 |
_aТекст _bвизуальный _cнепосредственный |
||
| 210 |
_aСанкт-Петербург _cАлетейя _cНезависимый альянс _d2021 |
||
| 215 |
_a568, [6] с., [4] л. ил., цв. ил., портр. _cил., портр. _d22 |
||
| 300 | _aВольфганг Акунов, поэт, журналист, историк., пер. | ||
| 320 | _aДр. произведения авт. на 4-й с. обл. | ||
| 333 | _a16+ | ||
| 606 | 1 |
_aДобровольческие отряды _yГермания _z1918 - 1923 _92383385 _3RU\NLR\AUTH\661421834 |
|
| 606 | 1 |
_a"Белое движение" _91188358 _3RU\NLR\AUTH\66161397 |
|
| 686 | 1 | _aЦ4,8(4Г)1 | |
| 686 | 1 | _aЦ35(2)712-4,2 | |
| 700 | 1 |
_8rus _7ca _aАкунов _bВ.В. _f1955- _gВольфганг Викторович _3RU\NLR\AUTH\7723415 _96468 |
|
| 702 | 1 |
_aЭберт _bФ. _f1871-1925 _gФридрих _4280 |
|
| 942 | _cBOOK | ||
| 980 | _aNB | ||